000 00810nam a2200217Ia 4500
003 IN-BaIIA
005 20250707110155.0
008 211028s9999 xx 000 0 eng d
040 _cIIA Library
080 _a629.19 (047.1)
_bPAA-23
111 _aAIAA  Conference on Thermophysics
_n4th
_cSan Francisco
_d1969 June 16-18
_96974
245 0 _aThermophysics
_bapplications to thermal design of spacecraft; proceedings of  AIAA  Conference held in San Francisco, June 16-18, 1969
_cJerry T. Benvans
260 _aNew York
_bAcademic Press
_c1970
300 _axviii, 580p.
490 _aProgress in astronautics and aeronautics
_v23
650 _aAstronomy and Astrophysics Thesaurus
650 _aPhysics
_973
650 _aThermophysics
_96975
700 _aBenvans, Jerry T., ed.
_96976
942 _cBK
_2ddc
999 _c3929
_d3929